000
00340nam a22001217a 4500
040
_c
HS
082
_a
380
100
_a
រស់ សុភារ៉ាវី
245
_a
ម៉ាឃេតធីងកសិកម្ម agricultural marketing
260
_a
RUA
_b
រស់ សុភារ៉ារី
_c
1997
300
_a
122p;
942
_c
KB
999
_c
8874
_d
8874